000 00400 a2200169 4500
001 157540
020 _a978-85-60276-24-0
040 _cEscola São Tomás de Aquino
100 _aAroldo, Adriana
240 1 0 _aUma palavra em cada pé
_lpor
245 1 0 _aUma palavra em cada pé
300 _a24
362 0 _a2013
440 1 _aUni Duni
697 _a*LITERATURA INFANTO JUVENIL
942 _cBK
999 _c157540
_d157540